| 000 | 00306 a2200133 4500 | ||
|---|---|---|---|
| 001 | 34668 | ||
| 082 | _a629.8FRA | ||
| 090 |
_c22952 _d22952 |
||
| 100 | _aFranklin, Gene F | ||
| 245 | _aDigital Control of Dynamic systems, 3/e | ||
| 250 | _a3 | ||
| 260 |
_aIndia _bAddison Wesley _c1998 |
||
| 300 | _a742p. | ||
| 942 |
_aNUST-CAE _k629.8FRA |
||
| 999 |
_c269741 _d269741 |
||